Điện kĩ thuật Giáo trình cao đẳng sư phạm
Mạch điện xoay chiều ba pha, máy biến áp, máy điện xoay chiều, một chiều; an toàn điện, các dụng cụ đo điện và đo lường điện, biểu diễn dòng điện hình sin bằng số phức,...
Na minha lista:
| Autor principal: | |
|---|---|
| Formato: | Livro |
| Idioma: | Vietnamese |
| Publicado em: |
H.
Đại học sư phạm
2005
|
| Assuntos: | |
| Tags: |
Adicionar Tag
Sem tags, seja o primeiro a adicionar uma tag!
|
| Thư viện lưu trữ: | Mạng thư viện Đại học Đà Nẵng |
|---|
| LEADER | 01451nam a2200373 4500 | ||
|---|---|---|---|
| 001 | 000008324 | ||
| 003 | 4510 | ||
| 005 | 20111014161029.0 | ||
| 008 | 111014s2005 viesd | ||
| 041 | 0 | |a vie | |
| 082 | |a 621.31 |b PH-H | ||
| 100 | 0 | |a Phan Trần Hùng | |
| 245 | 0 | |a Điện kĩ thuật |b Giáo trình cao đẳng sư phạm |c Phan Trần Hùng | |
| 260 | |a H. |b Đại học sư phạm |c 2005 | ||
| 300 | |a 227 tr. |c 24cm | ||
| 500 | |a Đầu trang tên sách: Bộ giáo dục và đào tạo | ||
| 500 | |a Dự án đào tạo giáo viên THCS | ||
| 504 | |a Thư mục tr: 227 | ||
| 520 | |a Mạch điện xoay chiều ba pha, máy biến áp, máy điện xoay chiều, một chiều; an toàn điện, các dụng cụ đo điện và đo lường điện, biểu diễn dòng điện hình sin bằng số phức,... | ||
| 653 | |a Điện | ||
| 653 | |a Giáo trình | ||
| 653 | |a Kĩ thuật | ||
| 700 | |a Phan Trần Hùng |e Tác giả | ||
| 910 | |a Thanh |d 14/10/2011 | ||
| OWN | |a LSP | ||
| AVA | |a UDN50 |b LSP |d 621.31 PH-H |e available |t Error 5001 Not defined in file expand_doc_bib_avail. |f 5 |g 0 |h N |i 0 |k 1 | ||
| 999 | |a From the UDN01 | ||
| AVA | |a UDN50 |b LSP |d 621.31 PH-H |e available |t Error 5001 Not defined in file expand_doc_bib_avail. |f 5 |g 0 |h N |i 0 |k 1 | ||
| TYP | |a Monograph | ||
| TYP | |a Printed language | ||
| 980 | |a Mạng thư viện Đại học Đà Nẵng | ||